| 000 | 00339nam a2200121Ia 4500 | ||
|---|---|---|---|
| 008 | 220204s9999 xx 000 0 und d | ||
| 020 | _a9843218996 | ||
| 082 |
_a06.08:63(058) _bDIR |
||
| 245 | 0 | _aDirectory of agricultural scientists and technologists of SAARC countries | |
| 250 | _aEd.2 | ||
| 260 |
_aBangladesh _bSAIC _c2004 |
||
| 942 | _cBK | ||
| 999 |
_c44176 _d44176 |
||